| 000 | 00629nam a2200193 a 4500 | ||
|---|---|---|---|
| 005 | 20230315063841.0 | ||
| 008 | 991125s1972 es 000 0 spa u | ||
| 035 | _aUPN01000009060 | ||
| 049 | _aCG | ||
| 050 | 4 |
_aLB2342 _bB6.2 |
|
| 100 | 1 |
_aBordas, María Dolores, _d1940- |
|
| 245 | 1 | 0 |
_aCómo elegir carrera y profesión : _bguía para la orientación profesional y nomenclátor de enseñanzas / _cMa. D. Bordas. |
| 260 |
_aBarcelona, Esp. : _bOikos-Tau, _c1972. |
||
| 300 | _a314 p. | ||
| 440 | 0 |
_aBiblioteca Tau ; _v3 |
|
| 650 | 7 |
_aEstudiantes _xOrientadores _2 _922782 |
|
| 650 | 4 |
_aOrientación vocacional _95 |
|
| 905 | _aLibro | ||
| 999 |
_c9060 _d9060 |
||